000 00641cam a22002293a 4500
001 27324
003 PGUSA
005 20140828083606.0
008 081124s2008||||xxu|||||s|||||000 1 eng d
040 _aPGUSA
_beng
042 _adc
050 4 _aPR
100 1 _aRobin, E. Gallienne
245 1 0 _aWhere Deep Seas Moan
_h[electronic resource] /
_cE. Gallienne Robin
260 _bProject Gutenberg,
_c2008
506 _aPublic domain in the USA.
516 _aElectronic text
653 _aGuernsey (Channel Islands) -- Fiction
830 0 _aProject Gutenberg
_v27324
856 4 0 _uhttp://www.gutenberg.org/ebooks/27324
942 _cEB
999 _c256579
_d256579